| 000 | 00447nam a2200193Ia 4500 | ||
|---|---|---|---|
| 003 | 0100 | ||
| 008 | 130227s9999 xx 000 0 und d | ||
| 040 | _cARRUPELIB | ||
| 050 | _aBX3747.E8G229 | ||
| 100 | _aGareau, Marcel | ||
| 245 | _aMaking all things new | ||
| 245 | _bFifty years of Jesuit presence in Ethiopia | ||
| 260 | _aAddis Ababa | ||
| 260 | _bPrivate | ||
| 260 | _C1995 | ||
| 300 | _a95p | ||
| 300 | _b 21cm | ||
| 942 |
_2lcc _01 |
||
| 999 |
_c1861 _d1861 |
||